Statistics for music trivia: band and artists national geography

Click here to take the quiz!

General Stats

  • This quiz has been taken 151 times
  • The average score is 9 of 15

Answer Stats

HintAnswer% Correct
Ravi ShankarIndia
86%
Julio IglesiasSpain
81%
ScorpionsGermany
79%
Carlos SantanaMexico
78%
ShakiraColumbia
77%
RihannaBarbados
75%
Leonard CohenCanada
69%
the HivesSweden
60%
Gloria EstefanCuba
57%
Lars UlrichDenmark
53%
Freddie MercuryTanzania
41%
Hugh MasekelaSouth Africa
39%
Django ReinhardtBelgium
29%
Of Monsters and MenIceland
29%
Fela KutiNigeria
26%

Score Distribution

Percentile by Number Answered

Percent of People with Each Score

Your Score History

You have not taken this quiz